书目信息 |
| 题名: |
帝国突围
|
|
| 作者: | 余音 著 | |
| 分册: | ||
| 出版信息: | 上海 上海远东出版社 2019.01 |
|
| 页数: | 204页 | |
| 开本: | 24cm | |
| 丛书名: | ||
| 单 册: | ||
| 中图分类: | K256.50 , K256.5 | |
| 科图分类: | ||
| 主题词: | 戊戌变法--wu xu bian fa--史料 | |
| 电子资源: | ||
| ISBN: | 978-7-5476-1422-8 | |
| 000 | 01159nam0 2200277 450 | |
| 001 | 2347886862 | |
| 005 | 20231123131846.22 | |
| 010 | @a978-7-5476-1422-8@dCNY56.00 | |
| 100 | @a20190114d2019 em y0chiy50 ea | |
| 101 | 0 | @achi |
| 102 | @aCN@b310000 | |
| 105 | @ay a 000yy | |
| 200 | 1 | @a帝国突围@Adi guo tu wei@d= Persist rigorous@e摇晃中的光绪二十四年@f余音著@zeng |
| 210 | @a上海@c上海远东出版社@d2019.01 | |
| 215 | @a204页@d24cm | |
| 314 | @a余音, 中国史记研究会会员等职。 | |
| 320 | @a有书目 | |
| 330 | @a本书依据大量经过认真甄别的史料, 像神探破案那样“回到历史现场”, 对戊戌变法深入透视, 就谁是变法的真正领袖? 康、梁的作用, 戊戌变法是失败还是夭折? 京师大学堂为何成为变法头等大事帝党=维新派、后党=守旧派是否符合历史等, 进行了充分论证, 得出了新的结论, 受到学界的首肯。该书是严肃题材, 丰富内容, 精细辨析, 生动论述, 观点独到, 雅俗共赏。 | |
| 510 | 1 | @aPersist rigorous@zeng |
| 517 | 1 | @a摇晃中的光绪二十四年@Ayao huang zhong de guang xu er shi si nian |
| 606 | 0 | @a戊戌变法@Awu xu bian fa@x史料 |
| 690 | @aK256.50@v5 | |
| 690 | @aK256.5@v4 | |
| 701 | 0 | @a余音@Ayu yin@4著 |
| 801 | @aCN@b山东中教@c20231121 | |
| 905 | @aZUCC@dK256.5@e1 | |
| 帝国突围= Persist rigorous:摇晃中的光绪二十四年/余音著.-上海:上海远东出版社,2019.01 |
| 204页;24cm |
| ISBN 978-7-5476-1422-8:CNY56.00 |
| 本书依据大量经过认真甄别的史料, 像神探破案那样“回到历史现场”, 对戊戌变法深入透视, 就谁是变法的真正领袖? 康、梁的作用, 戊戌变法是失败还是夭折? 京师大学堂为何成为变法头等大事帝党=维新派、后党=守旧派是否符合历史等, 进行了充分论证, 得出了新的结论, 受到学界的首肯。该书是严肃题材, 丰富内容, 精细辨析, 生动论述, 观点独到, 雅俗共赏。 |
| ● |
| 相关链接 |
|
|
|
正题名:帝国突围
索取号:K256.5/1
 
预约/预借
| 序号 | 登录号 | 条形码 | 馆藏地/架位号 | 状态 | 备注 |
| 1 | 2001045167 | 2001045167 | 中教第一批/山东中教(第一批)/511/ [索取号:K256.5/1] | 在馆 | |
| 2 | 2001045168 | 2001045168 | 中教第一批/山东中教(第一批)/511/ [索取号:K256.5/1] | 在馆 | |
| 3 | 2001045169 | 2001045169 | 中教第一批/山东中教(第一批)/511/ [索取号:K256.5/1] | 在馆 | |
| 4 | 2001045170 | 2001045170 | 中教第一批/山东中教(第一批)/511/ [索取号:K256.5/1] | 在馆 | |
| 5 | 2001045171 | 2001045171 | 中教第一批/山东中教(第一批)/511/ [索取号:K256.5/1] | 在馆 | |
| 6 | 2001045172 | 2001045172 | 中教第一批/山东中教(第一批)/511/ [索取号:K256.5/1] | 在馆 |